[Event "FIDE World Bl Team Pool D"]
[Site "Almaty"]
[Date "2024.08.05"]
[Round "2.22"]
[White "Omar, Temirlan"]
[Black "Smirin, Ilia"]
[Result "0-1"]
[WhiteElo "1874"]
[BlackElo "2575"]
[PlyCount "84"]
[EventDate "2024.08.05"]
[EventType "team (blitz)"]
[EventRounds "7"]
[EventCountry "KAZ"]
[SourceTitle "CBM 221 Extra"]
[Source "ChessBase"]
[SourceDate "2024.09.30"]
[SourceVersion "1"]
[SourceVersionDate "2024.09.30"]
[SourceQuality "1"]
[WhiteTeam "Future GM"]
[BlackTeam "Ashdod"]
[WhiteTeamCountry "KAZ"]
[BlackTeamCountry "ISR"]

1. d4 Nf6 2. Bf4 c5 3. d5 d6 4. Nc3 e5 5. Bg5 Be7 6. Nf3 0-0 7. e4 Nbd7 8. Be2 Ne8 9. Bxe7 Qxe7 10. Nd2 g6 11. 0-0 Ng7 12. Nc4 f5 13. f3 Nf6 14. Bd3 f4 15. Nb5 Rd8 16. a4 g5 17. h3 h5 18. Kf2 g4 19. hxg4 hxg4 20. Ke1 Nfh5 21. Kd2 Ng3 22. Rg1 Ne8 23. Be2 Bd7 24. Nc3 Nf6 25. Kc1 b6 26. b3 Rab8 27. Kb2 a6 28. Nd2 b5 29. axb5 axb5 30. Ra7 Ra8 31. Qa1 Rxa7 32. Qxa7 b4 33. Nb5 Nxe2 34. Re1 Nd4 35. Nxd4 cxd4 36. Nc4 Kf8 37. Qb6 Be8 38. Qxb4 gxf3 39. gxf3 Bh5 40. Rf1 Kf7 41. Rh1 Bxf3 42. Rh6 Bxe4 0-1